Statistiques concernant Pokémon - Les attaques de Fourbelin

Cliquez ici pour prendre le quiz!

Statistiques générales

  • Ce quiz a été pris 6 fois
  • Le résultat moyen est 9 sur 14

Statistiques - réponses

NiveauxTypesNoms des attaques% Correct
Départ
Évolution
TénèbresFourbette
100%
Niveau 16TénèbresAssurance
75%
Niveau 46FéeCâlinerie
75%
Niveau 24TénèbresCoup Bas
75%
DépartTénèbresFlatterie
75%
Niveau 28TénèbresTourmente
75%
Niveau 20NormalVantardise
75%
Niveau 35TénèbresVibrobscur
75%
DépartNormalBluff
50%
Niveau 40TénèbresMachination
50%
Niveau 52TénèbresTricherie
50%
DépartNormalConfidence
25%
Niveau 12TénèbresCroco Larme
25%
DépartTénèbresMorsure
25%

Distribution des résultats

Percentile par nombre de réponses

% des personnes avec chaque résultat

Votre développement - résultats

Vous n’avez pas pris ce quiz